Finite sample properties of estimators for autorregressive moving average models (Registro nro. 26372)
[ vista simple ]
| 000 -LEADER | |
|---|---|
| fixed length control field | 00399 a2200121 4500 |
| 001 - CONTROL NUMBER | |
| control field | ART_12443 |
| 005 - DATE AND TIME OF LATEST TRANSACTION | |
| control field | 20260410161906.0 |
| 008 - FIXED-LENGTH DATA ELEMENTS--GENERAL INFORMATION | |
| fixed length control field | 260409a |
| 100 1# - MAIN ENTRY--PERSONAL NAME | |
| Personal name | Newbold, Paul |
| 245 10 - TITLE STATEMENT | |
| Title | Finite sample properties of estimators for autorregressive moving average models |
| 700 1# - ADDED ENTRY--PERSONAL NAME | |
| Personal name | Ansley, Craig F. |
| 773 0# - HOST ITEM ENTRY | |
| Title | Journal of econometrics |
| Related parts | - Vol. 13, Nº 2 (jun. 1980) |
| Record control number | REV11720 |
No hay ítems disponibles.